00800cam a22002291 4500001001300000003000400013005001700017008004100034010001700075035001900092040001900111042001200130050002300142100004900165245012000214260007100334300001000405410004600415650003600461740005600497999001700553gs 39000134 DLC20260227111344.0790615s1939 nbu s000 0 eng  ags 39000134  a(OCoLC)5069601 aDLCcTxCMdDLC apremarc00aQE135b.A43 no. 141 aCondra, Geo. E.q(George Evert),d1869-1958.10aCorrelation of the Amerada Petroleum Company well drilled near Nehawka, Nebraska,cby G. E. Condra. February, 1939. a[Lincoln]bPublished by authority of the state of Nebraska,c1939. a16 p.20aNebraska Geological SurveytPapervno. 14 0aGeologyzNebraskazCass County.0 aAmerada Petroleum Company well, Correlation of the. c27539d27539